01019nam a22002057a 4500003000900000005001700009008004100026040001300067100003100080245008400111250000600195260003700201300001900238490001800257520030700275942001200582999001900594952010000613952010000713IT-RoPau20220918181218.0131202b xxu||||| |||| 00| 0 eng d cIT-RoPau aEsposito, Rosario F.94966 aL'encilclica "Tametsi futura" e la notte eucaristica del secolobNel Centenario aI aRomabCasa Generalizia SSPc2000 a318 pp.c22 cm aEd. San paolo aIndice Generale Sommario Sigle Prefazione Avvertenze per la lettura Introduzione - L'autore della "Tametsi futura" Appendice - Documenti dell'Archivio Segreto Vaticano Prima parte - L'encliclica "Tametsi futura" storia e contenuti Seconda parte - Le "encicliche" preparatorie Documentazioni e fonti  2ddccBK c104181d104181 00102ddc406P_B271aPAULUSbPAULUSd2013-12-02l0oP B2r2013-12-02 00:00:00w2013-12-02yBK 00102ddc406P_B271aPAULUSbPAULUSd2013-12-02l0oP B2r2013-12-02 00:00:00w2013-12-02yBK